Κοντινότερες Χώρες από την Κύπρο - Statistics

General Stats
  • This quiz has been taken 48 times
  • The average score is 14 of 20
Answer Stats
Χλμ Χώρα % Correct
76 Τουρκία
100%
352 Αίγυπτος
100%
264 Ελλάδα
97%
228 Ισραήλ
91%
170 Λίβανος
88%
103 Συρία
85%
756 Λιβύη
79%
893 Ιράν
74%
291 Ιορδανία
71%
463 Ιράκ
71%
846 Βουλγαρία
62%
1158 Αλβανία
62%
471 Σαουδική Αραβία
59%
935 Αρμενία
56%
887 Γεωργία
53%
1070 Βόρεια Μακεδονία
50%
1079 Αζερμπαϊτζάν
44%
970 Ρωσία
41%
999 Ρουμανία
41%
0 Ηνωμένο Βασίλειο
26%
No matching quizzes found
Score Distribution
Percent of People with Each Score
Percentile by Number Answered
Your Score History
You have not taken this quiz